Zoomed in country Flags #8 - Statistics

General Stats
  • This quiz has been taken 55 times
  • The average score is 7 of 8
Answer Stats
Picture Answer % Correct
Malaysia
98%
Saudi Arabia
98%
Sri Lanka
94%
Uzbekistan
94%
Wales
92%
Morocco
90%
Somalia
90%
Togo
81%
No matching quizzes found
Score Distribution
Percent of People with Each Score
Percentile by Number Answered
Your Score History
You have not taken this quiz